000 00589cab a2200217 4500
001 WB3507-10
008 090401t1999 xxu||||| |||| 00| 0 eng d
035 _a(Sirsi) u91342
041 _aeng
245 _aLand securities
260 _c1999
350 _a0
490 _aTimes
_v15 February 1999, 39(2)
520 _aCorporate profile of Britain`s largest quoted property company, Land Securities.
650 _aLAND SECURITIES
650 _aPROPERTY COMPANIES
650 _aPROPERTY INVESTMENT
690 _aPROPERTY-COMMERCIAL PROPERTY
942 _n0
948 _c16/02/1999
999 _c57969
_d57969